NATURAL HOMOMORPHISMS OF WITT RINGS OF ORDERS IN ALGEBRAIC NUMBER FIELDS

Podrobná bibliografia
Hlavný autor: Ciemała, Marzena (Autor)
Médium: Článok
Jazyk:angličtina

MARC

LEADER 00000nab a2200000uu 4500
001 vtls011451225
003 SK-MaSNL
005 20260303153854.0
008 230222|2004 xo |||||||||||||||||eng|
015 |a SNBRB 
035 |a (urnnbn)urn:nbn:sk:snk:ar-006kpf 
035 |a (uuid)bef29f70-6640-4a31-9553-4073bdf8a0af 
035 |a urn:nbn:sk:snk-abcn8g 
040 |a SNKBUCL  |b slo  |c SNKBUCL  |e AACR2 
041 0 |a eng 
044 |a xo  |c SK 
100 1 |a Ciemała, Marzena  |4 aut  |9 1176165 
245 1 0 |a NATURAL HOMOMORPHISMS OF WITT RINGS OF ORDERS IN ALGEBRAIC NUMBER FIELDS  |c Marzena Ciemała 
773 0 |t Mathematica Slovaca  |g Roč. 54, č. 5 (2004), s. 473-477 
958 |a OND 
958 |a EUIPO 
958 |a article16 
999 |c 2030613  |d 2032543